Macroeconomics in the global economy
Na minha lista:
| Autor principal: | |
|---|---|
| Outros Autores: | |
| Formato: | Livro |
| Idioma: | inglês |
| Publicado em: |
Englewood Cliffs
Prentice Hall
1993
|
| Edição: | 1. ed. |
| Assuntos: | |
| Tags: |
Sem tags, seja o primeiro a adicionar uma tag!
|
MARC
| LEADER | 00000nam a2200000 4500 | ||
|---|---|---|---|
| 001 | c005337 | ||
| 005 | 20221206075551.6 | ||
| 020 | |a 0-13-102252-0 | ||
| 041 | 0 | |a eng | |
| 044 | |a US | ||
| 245 | 1 | 0 | |a Macroeconomics in the global economy |c Jeffrey D. Sachs, Felipe Larrain B. |
| 250 | |a 1. ed. | ||
| 264 | 1 | |a Englewood Cliffs |b Prentice Hall |c 1993 | |
| 300 | |a xx, 778 s. | ||
| 610 | 2 | 0 | |a makroekonomika |
| 610 | 2 | 0 | |a ponuka |
| 610 | 2 | 0 | |a dopyt |
| 610 | 2 | 0 | |a spotreba |
| 610 | 2 | 0 | |a investície |
| 610 | 2 | 0 | |a účty bežné |
| 610 | 2 | 0 | |a politika peňažná |
| 610 | 2 | 0 | |a stabilizácia hospodárstva |
| 610 | 2 | 0 | |a rast hospodársky |
| 610 | 2 | 0 | |a produkcia |
| 610 | 2 | 0 | |a trh finančný |
| 610 | 2 | 0 | |a tovar |
| 610 | 2 | 0 | |a dlhy |
| 610 | 2 | 0 | |a inflácia |
| 100 | 1 | |a Sachs, Jeffrey D. | |
| 700 | 1 | |a Larrain B., Felipe | |